000 00689nam a2200289Ia 4500
005 20260324132401.0
008 008 260324s9999 xx 000 0 eng d
020 _a9781315785745
037 _aEBOOK
040 _aCRL
040 _beng
040 _cCRL
041 _2eng
041 _aeng
084 _qCRL
100 _aMichael Bonds
_91189078
245 0 _aRace, Politics, and Community Development Funding
245 4 _bThe Discolor of Money
260 _bTaylor and Francis
260 _c2004
365 _a
365 _b180
856 _uhttp://www.taylorfrancis.com/books/9781315785745
942 _cEBOOK
999 _c1787147
_d1787147